Guía práctica de analítica digital : ROI, KPI y métricas /

Cualquier profesional o empresa que tenga presencia y actividad en Internet (página web, e-commerce, blog o redes sociales) necesita analizar sus acciones para determinar si se están cumpliendo los objetivos marcados en su estrategia digital. ¿Tu estrategia digital no está funcionando y no entiendes...

Full description

Bibliographic Details
Main Authors: Gómez-Zorrilla, José (Author), Piña, Daniel Sánchez (Author)
Format: eBook
Language:Spanish
Published: Madrid : LID, 2022.
Edition:Primera edición.
Subjects:
Online Access:Connect to the full text of this electronic book

MARC

Tag First Indicator Second Indicator Subfields
LEADER 00000cam a22000007i 4500
001 in00004671981
006 m o d
007 cr cnu|||unuuu
008 220719s2022 sp a o 001 0 spa d
005 20260122204851.3
020 |a 9788418648397  |q (electronic bk.) 
020 |a 8418648392  |q (electronic bk.) 
035 |a (OCoLC)1336604965 
037 |a 9788418648397  |b O'Reilly Media 
040 |a ORMDA  |b eng  |e rda  |e pn  |c ORMDA  |d OCLCF  |d OCLCQ 
049 |a TXAM 
050 4 |a HF5548.2 
082 0 4 |a 650.0285  |2 23/eng/20220719 
100 1 |a Gómez-Zorrilla, José,  |e author. 
245 1 0 |a Guía práctica de analítica digital :  |b ROI, KPI y métricas /  |c José Gómez-Zorrilla, Daniel Sánchez Piña. 
250 |a Primera edición. 
264 1 |a Madrid :  |b LID,  |c 2022. 
300 |a 1 online resource (168 pages) :  |b illustrations 
336 |a text  |b txt  |2 rdacontent 
337 |a computer  |b c  |2 rdamedia 
338 |a online resource  |b cr  |2 rdacarrier 
500 |a Includes index. 
520 |a Cualquier profesional o empresa que tenga presencia y actividad en Internet (página web, e-commerce, blog o redes sociales) necesita analizar sus acciones para determinar si se están cumpliendo los objetivos marcados en su estrategia digital. ¿Tu estrategia digital no está funcionando y no entiendes por qué? ¿No logras alcanzar los objetivos de ingresos y conversión? Una buena analítica digital consiste en recopilar e interpretar correctamente los datos que se obtienen de las diferentes métricas y herramientas y convertirlos en información de valor para tu negocio. Con Guía práctica de analítica digital aprenderás de una manera sencilla a optimizar y medir tu estrategia de marketing digital paso a paso y con ejemplos reales para que cumpla su misión. Solo así podrás extraer conclusiones válidas para gestionar, mejorar y escalar tu negocio en el corto, medio y largo plazo. ¿Estás midiendo los datos correctos? ¿Los estás midiendo bien? Este manual recoge los KPI, las métricas y los ratios indispensables para analizar la optimización, conversión y rentabilidad de cualquier negocio digital. Te ayudará a definir los más adecuados para tu estrategia y te dará las claves para entenderlos e interpretarlos. Además, aprenderás a definir tus objetivos, a fijar un precio adecuado para tus productos o servicios digitales, a construir un cuadro de mandos estratégico, a trabajar la estructura de costes y a parametrizar la rentabilidad de tu marca, aunque no seas analista, profesional del marketing o financiero. 
650 0 |a Business  |x Data processing. 
650 0 |a Rate of return. 
650 0 |a Business planning. 
650 7 |a Business  |x Data processing.  |2 fast  |0 (OCoLC)fst00842293 
650 7 |a Business planning.  |2 fast  |0 (OCoLC)fst00842819 
650 7 |a Rate of return.  |2 fast  |0 (OCoLC)fst01090236 
700 1 |a Piña, Daniel Sánchez,  |e author. 
856 4 0 |u https://proxy.library.tamu.edu/login?url=https://go.oreilly.com/TAMU/library/view/-/9788418648397/?ar  |z Connect to the full text of this electronic book  |t 0 
955 |a Safari/O'Reilly ebooks 
994 |a 92  |b TXA 
999 f f |s 0a305a49-8184-45a8-9163-aa50be1c7ff3  |i 141eac62-dd84-412a-bcd7-ca279a56d66f  |t 0 
952 f f |a Texas A&M University  |b College Station  |c Electronic Resources  |s www_evans  |d Available Online  |t 0  |e HF5548.2   |h Library of Congress classification 
998 f f |a HF5548.2   |t 0  |l Available Online